[Event "Sao Paulo"]
[Site "Sao Paulo"]
[Date "1986.??.??"]
[Round "?"]
[White "Andersson, Ulf"]
[Black "Sunye Neto, Jaime"]
[Result "1/2-1/2"]
[WhiteElo "2585"]
[BlackElo "2480"]

1.Nf3 Nf6 2.c4 e6 3.g3 d5 4.d4 dxc4 5.Qa4+ Nbd7 6.Bg2 a6 7.Nc3 Rb8 8.Qxc4 b5
9.Qd3 Bb7 10.O-O c5 11.dxc5 Bxc5 12.Bf4 Rc8 13.Rad1 O-O 14.Ne5 Bxg2 15.Kxg2 Nxe5
16.Bxe5 Be7 17.Qf3 Qb6 18.Rd2 Rfd8 19.Rfd1 Rxd2 20.Rxd2 Qc6 21.Qxc6 Rxc6
22.h3 h5 23.f4 Kf8 24.Kf3 Ne8 25.Rd7 f6 26.Bb8 Rb6 27.Ba7 Rd6 28.Rxd6 Nxd6
29.Ne4 Nxe4 30.Kxe4 Bd6 31.g4 hxg4 32.hxg4 g6 33.e3 Ke7 34.Kd4 Kd7 35.Bc5 Kc6
36.Bxd6 Kxd6  1/2-1/2

[Event "Sao Paulo"]
[Site "Sao Paulo"]
[Date "1986.??.??"]
[Round "?"]
[White "Andersson, Ulf"]
[Black "Ricardi, Pablo"]
[Result "0-1"]
[WhiteElo "2585"]
[BlackElo "2520"]

1.Nf3 d5 2.d4 Nf6 3.c4 e6 4.Nc3 c5 5.cxd5 exd5 6.g3 Nc6 7.Bg2 Be7 8.O-O O-O
9.Bg5 c4 10.Ne5 Be6 11.e3 Qb6 12.b3 Qa5 13.Ne2 h6 14.Bxf6 Bxf6 15.Nxc6 bxc6
16.bxc4 dxc4 17.Qc2 Rab8 18.Nf4 Bc8 19.Bxc6 Ba6 20.Rfc1 Be7 21.a4 Bd6 22.Qe4 Rb2
23.Bb5 Qd2 24.Rf1 Bxb5 25.axb5 Bxf4 26.gxf4 Rxb5 27.Rxa7 c3 28.Rc7 Rb2 29.h3 c2
30.f5 Qd1 31.Qg2 Rb1 32.d5 Rfb8 33.d6 Qd3 34.d7 Rxf1+ 35.Qxf1 Rb1  0-1

[Event "Sao Paulo"]
[Site "Sao Paulo"]
[Date "1986.??.??"]
[Round "?"]
[White "Rubinetti, Jorge A"]
[Black "Andersson, Ulf"]
[Result "1/2-1/2"]
[WhiteElo "2440"]
[BlackElo "2585"]

1.d4 Nf6 2.c4 e6 3.Nf3 d5 4.Nc3 Be7 5.Bg5 O-O 6.e3 h6 7.Bxf6 Bxf6 8.Rc1 c6
9.Bd3 Nd7 10.O-O dxc4 11.Bxc4 e5 12.Ne4 exd4 13.Nxf6+ Nxf6 14.Qxd4 Qe7 15.Qe5 Re8
16.Qxe7 Rxe7 17.Rfd1 Bg4 18.h3 Bxf3 19.gxf3 Kf8 20.f4 Rc8 21.Kf1 Rd7 22.Rxd7 Nxd7
23.Ke2 a6 24.Bd3 Rd8 25.Be4 Ke7 26.Bf3 Nf8 27.Rc4 Ne6 28.f5 Nc7 29.a4 Ne8
30.Bg2 Nd6 31.Rc5 Re8 32.Kd3 Kd7 33.f4 Kc7 34.b4 Rd8 35.Ke2 Re8 36.Kd3 Rd8
37.Ke2 Re8  1/2-1/2

[Event "Sao Paulo"]
[Site "Sao Paulo"]
[Date "1986.??.??"]
[Round "?"]
[White "Andersson, Ulf"]
[Black "Loureiro, Luiz"]
[Result "1-0"]
[WhiteElo "2585"]
[BlackElo "2295"]

1.Nf3 d5 2.d4 Nf6 3.c4 dxc4 4.e3 a6 5.Bxc4 e6 6.O-O c5 7.Qe2 Nc6 8.Nc3 cxd4
9.Rd1 Be7 10.exd4 O-O 11.d5 exd5 12.Nxd5 Nxd5 13.Bxd5 Qc7 14.Qe4 Bf6 15.Ng5 Bxg5
16.Bxg5 Be6 17.Bxe6 Rae8 18.Bf4  1-0

[Event "Sao Paulo"]
[Site "Sao Paulo"]
[Date "1986.??.??"]
[Round "?"]
[White "Andersson, Ulf"]
[Black "Limp, Eduardo"]
[Result "1-0"]
[WhiteElo "2585"]
[BlackElo "2275"]

1.Nf3 Nf6 2.c4 c5 3.Nc3 Nc6 4.g3 g6 5.Bg2 Bg7 6.O-O O-O 7.d4 d6 8.dxc5 dxc5
9.Bf4 Nd4 10.Be5 Nxf3+ 11.Bxf3 Nd7 12.Bxg7 Kxg7 13.Bg2 Nb6 14.b3 Qxd1 15.Rfxd1 Rb8
16.Rd2 Na8 17.Rad1 Nc7 18.f4 Be6 19.Ne4 b6 20.Ng5 a5 21.Kf2 Bc8 22.Bc6 f6
23.Ne4 Ne6 24.e3 Kf7 25.g4 Bb7 26.Bxb7 Rxb7 27.Rd7 Rxd7 28.Rxd7 Rb8 29.Nc3 Nf8
30.Ra7 Ke8 31.Nd5 Nd7 32.Nc7+ Kd8 33.Ke2 Kc8 34.Na6 Rb7 35.Ra8+ Rb8 36.Nxb8 Nxb8
37.Kf3  1-0

[Event "Bilbao"]
[Site "Bilbao"]
[Date "1987.??.??"]
[Round "?"]
[White "Andersson, Ulf"]
[Black "Ochoa de Echaguen, F Javier"]
[Result "1-0"]
[WhiteElo "2600"]
[BlackElo "2430"]

1.Nf3 c5 2.c4 Nf6 3.g3 d5 4.cxd5 Nxd5 5.Bg2 Nc6 6.d4 Nc7 7.Be3 Nd5 8.Bc1 Nc7
9.e3 Bg4 10.O-O cxd4 11.exd4 e6 12.Nc3 Be7 13.Qa4 Qd7 14.Be3 Nd5 15.h3 Bh5
16.Nxd5 exd5 17.Qb3 f6 18.Rfc1 Rd8 19.Ne1 Bg6 20.Nd3 Bxd3 21.Qxd3 O-O 22.a3 Rfe8
23.b4 Kh8 24.h4 Qe6 25.Re1 Qg4 26.Bf4 Qg6 27.Rad1 Qxd3 28.Rxd3 a6 29.Bc7 Rd7
30.Bb6 Rf8 31.Rb1 Bd8 32.Bc5 Be7 33.Bb6 Bd8 34.Bc5 Be7 35.a4 Bxc5 36.dxc5 Rfd8
37.b5 axb5 38.axb5 Ne5 39.Rd4 Ng6 40.c6 bxc6 41.bxc6 Rc7 42.Rxd5 Rdc8 43.Rd7  1-0

[Event "Bilbao"]
[Site "Bilbao"]
[Date "1987.??.??"]
[Round "?"]
[White "Andersson, Ulf"]
[Black "Sokolov, Andrei"]
[Result "1-0"]
[WhiteElo "2600"]
[BlackElo "2645"]

1.Nf3 Nf6 2.c4 b6 3.g3 c5 4.Bg2 Bb7 5.O-O e6 6.Nc3 d6 7.b3 Nbd7 8.Bb2 Be7
9.d4 cxd4 10.Nxd4 Bxg2 11.Kxg2 Qc7 12.e3 a6 13.f4 O-O 14.Qf3 Rac8 15.g4 Nc5
16.g5 Nfd7 17.Rad1 Rfe8 18.h4 Bf8 19.Rd2 Nb8 20.Rfd1 Nc6 21.Nxc6 Qxc6 22.Qxc6 Rxc6
23.Ba3 Be7 24.Bxc5 bxc5 25.Ne4 Rd8 26.Kf3 Kf8 27.Kg4 Ke8 28.f5 exf5+ 29.Kxf5 Kf8
30.Kg4 Ke8 31.Rf1 Rd7 32.h5 Bd8 33.Rfd1 Be7 34.Nc3 Rcc7 35.Nd5 Rb7 36.Rf1 Bd8
37.Rdf2 Kf8 38.g6 h6 39.Rxf7+ Rxf7 40.Rxf7+ Rxf7 41.gxf7 Kxf7 42.Kf5 Bh4
43.b4 cxb4 44.Nxb4 a5 45.Nd3 Bd8 46.e4 Bb6 47.a4 Ke7 48.Nf4 Bd4 49.Ne6 Bc3
50.c5 dxc5 51.Nxc5 Kd6 52.Nd3 Ba1 53.e5+ Kd5 54.Nf4+ Kc4 55.e6 Bf6 56.Ng6 Kc5  1-0

[Event "Bilbao"]
[Site "Bilbao"]
[Date "1987.??.??"]
[Round "?"]
[White "Izeta Txabarri, Felix"]
[Black "Andersson, Ulf"]
[Result "0-1"]
[WhiteElo "2380"]
[BlackElo "2600"]

1.d4 Nf6 2.c4 e6 3.Nc3 d5 4.Nf3 Nbd7 5.cxd5 exd5 6.Bg5 c6 7.e3 Be7 8.Qc2 O-O
9.Bd3 Re8 10.O-O g6 11.Rae1 Nh5 12.Bxe7 Rxe7 13.b4 Ndf6 14.Ne5 Ng7 15.f4 Bf5
16.Bxf5 Nxf5 17.g4 Nd6 18.h4 Nfe4 19.Nxe4 Nxe4 20.g5 a5 21.a3 Qd6 22.Rb1 axb4
23.axb4 Qe6 24.Qh2 Qf5 25.Rbc1 h5 26.gxh6 Kh7 27.Ra1 Rxa1 28.Rxa1 f6 29.Nf3 Kxh6
30.Qg2 Nd6 31.Re1 Nc4 32.Kf2 Nxe3  0-1

[Event "Bilbao"]
[Site "Bilbao"]
[Date "1987.??.??"]
[Round "?"]
[White "Ljubojevic, Ljubomir"]
[Black "Andersson, Ulf"]
[Result "1/2-1/2"]
[WhiteElo "2620"]
[BlackElo "2600"]

1.e4 e6 2.d4 d5 3.Nc3 Nf6 4.e5 Nfd7 5.f4 c5 6.Nf3 Nc6 7.Be3 a6 8.a3 cxd4
9.Nxd4 Bc5 10.Nce2 Qe7 11.b4 Ba7 12.g3 O-O 13.Bh3 Nxd4 14.Bxd4 Bxd4 15.Nxd4 Nb8
16.O-O Nc6 17.Nxc6 bxc6 18.Qd4 a5 19.Rfb1 Ba6 20.Qc5 Qa7 21.Kf2 Rfd8 22.Ke3 g6
23.Kd4 Bc4 24.Qxa7 Rxa7 25.Bf1 Bxf1 26.Rxf1 Rda8 27.Rab1  1/2-1/2

[Event "Leningrad"]
[Site "Leningrad"]
[Date "1987.??.??"]
[Round "?"]
[White "Andersson, Ulf"]
[Black "Torre, Eugenio"]
[Result "1/2-1/2"]
[WhiteElo "2600"]
[BlackElo "2540"]

1.Nf3 g6 2.d4 Bg7 3.e4 d6 4.Be2 Nf6 5.Nc3 O-O 6.O-O c5 7.dxc5 dxc5 8.Be3 b6
9.Qxd8 Rxd8 10.Rfd1 Nc6 11.Rxd8+ Nxd8 12.Rd1 Bb7 13.Nd2 Nc6 14.Nc4 Rd8 15.Rxd8+ Nxd8
16.f3 Nd7 17.Nb5 Nc6 18.a4 Nde5 19.Nd2 Nd7 20.c3 Be5 21.f4 Bb8 22.e5 Nd8
23.Kf2 f6 24.exf6 Nxf6 25.Bf3 Bxf3 26.Kxf3 Nc6  1/2-1/2

[Event "Leningrad"]
[Site "Leningrad"]
[Date "1987.??.??"]
[Round "?"]
[White "Andersson, Ulf"]
[Black "Salov, Valery"]
[Result "1-0"]
[WhiteElo "2600"]
[BlackElo "2550"]

1.Nf3 f5 2.g3 Nf6 3.Bg2 e6 4.O-O Be7 5.d4 O-O 6.Nbd2 d5 7.Ne5 c6 8.c4 Nbd7
9.Nd3 Qe8 10.b3 Ne4 11.Bb2 Bf6 12.Rc1 Kh8 13.f3 Nxd2 14.Qxd2 dxc4 15.bxc4 e5
16.e3 exd4 17.exd4 Nb6 18.f4 Be6 19.Rfe1 Qf7 20.d5 cxd5 21.Nc5 Bxb2 22.Qxb2 Rae8
23.Nxe6 Rxe6 24.cxd5 Nxd5 25.Rxe6 Qxe6 26.Qb3 Qb6+ 27.Qxb6 Nxb6 28.Rc7 g6
29.Rxb7 Rc8 30.Rxa7 Rc1+ 31.Bf1 Nd5 32.Kf2 Rc2+ 33.Kf3 Nf6 34.Ke3 Rxh2 35.a4 Rh1
36.Bb5 Rb1 37.Kd4 Rd1+ 38.Ke5 Nh5 39.a5 Re1+ 40.Kd4 Rd1+ 41.Ke3 Nf6 42.a6 Nd5+
43.Kf3 Ra1 44.Rb7 Ra3+ 45.Kg2 Ra2+ 46.Kg1 Ra3 47.a7 Nb6 48.Rxb6 Rxa7 49.Ba6 Kg7
50.Kf2 Kh6 51.Rd6 Rc7 52.Bd3 Kh5 53.Kg2 Re7 54.Bb5 Re3 55.Kf2 Rc3 56.Rd7 Kh6
57.Re7 Rc8 58.Be8 Rc2+ 59.Kf3 Rc3+ 60.Kg2 Rc2+ 61.Kh3 Rc8 62.Bf7 Rd8 63.Be6 Ra8
64.Kg2 Rd8 65.Kf3 Rd3+ 66.Kf2 Rd8 67.Rd7 Ra8 68.Bf7 Rc8 69.Bb3 Rb8 70.Bd5 Re8
71.Kf3 Rc8 72.Kg2 Rc2+ 73.Kh3 Rc8 74.Kh4 Rb8 75.Bf7 Ra8 76.Be6 Re8 77.Rd6 Rf8
78.Rc6 Rf6 79.g4 fxg4 80.Kxg4 Kg7 81.Kf3 Rf8 82.Rc8 Rf6 83.Rg8+ Kh6 84.Re8 g5
85.f5 g4+ 86.Kxg4 Kg7 87.Kg5 h6+ 88.Kf4  1-0

[Event "Leningrad"]
[Site "Leningrad"]
[Date "1987.??.??"]
[Round "?"]
[White "Andersson, Ulf"]
[Black "Sokolov, Andrei"]
[Result "1/2-1/2"]
[WhiteElo "2600"]
[BlackElo "2645"]

1.Nf3 c5 2.c4 Nf6 3.g3 b6 4.Bg2 Bb7 5.O-O e6 6.Nc3 a6 7.b3 d6 8.Bb2 Be7 9.e3 Nbd7
10.Qe2 O-O 11.Rfd1 Ne4 12.Nxe4 Bxe4 13.d3 Bb7 14.d4 cxd4 15.Bxd4 Qc7 16.Rac1 Rfd8
17.Ne1 Rac8 18.Nd3 Bxg2 19.Kxg2 b5 20.cxb5 Qb7+ 21.e4 axb5 22.f3 h6 23.Bf2 Bg5
24.Rxc8 Rxc8 25.h4 Bf6 26.Rc1 Rxc1 27.Nxc1 d5 28.exd5 Qxd5 29.Nd3 Bc3 30.Qc2 Ne5
31.Nxe5 Qxe5 32.a4 bxa4 33.bxa4 f5 34.Qd3 Qc7 35.h5 Kh7 36.Qb5 Qd6 37.Qc4 Qd2
38.g4  1/2-1/2

[Event "Leningrad"]
[Site "Leningrad"]
[Date "1987.??.??"]
[Round "?"]
[White "Andersson, Ulf"]
[Black "Georgiev, Kiril"]
[Result "1/2-1/2"]
[WhiteElo "2600"]
[BlackElo "2590"]

1.Nf3 Nf6 2.c4 e6 3.Nc3 d5 4.d4 Be7 5.Bg5 h6 6.Bh4 O-O 7.e3 b6 8.Bd3 Bb7
9.O-O Nbd7 10.Qe2 c5 11.Rac1 dxc4 12.Bxc4 a6 13.a4 cxd4 14.Nxd4 Nc5 15.Rfd1 Qe8
16.b3 Nfe4 17.Nxe4 Nxe4 18.Bxe7 Qxe7 19.Qe1 a5 20.Bb5 Rac8 21.Bc6  1/2-1/2

[Event "Leningrad"]
[Site "Leningrad"]
[Date "1987.??.??"]
[Round "?"]
[White "Andersson, Ulf"]
[Black "Tukmakov, Vladimir B"]
[Result "0-1"]
[WhiteElo "2600"]
[BlackElo "2575"]

1.Nf3 d5 2.d4 Nf6 3.c4 e6 4.g3 dxc4 5.Qa4+ Nbd7 6.Bg2 c5 7.O-O a6 8.Nc3 Rb8
9.dxc5 Bxc5 10.Qxc4 b5 11.Qh4 Bb7 12.Bg5 O-O 13.Rad1 Qe8 14.Bxf6 Nxf6 15.Ne5 Bxg2
16.Kxg2 Be7 17.Qf4 b4 18.Ne4 Nd5 19.Qf3 Qb5 20.h4 h6 21.Nd3 Rbc8 22.Rc1 Qa4
23.Rxc8 Rxc8 24.Ne5 f5 25.Nd2 Qc2 26.Qh5 Rf8 27.Ndc4 Bf6 28.b3 Bxe5 29.Nxe5 Qe4+
30.Nf3 Rc8 31.Rd1 Nf6 32.Qg6 Qxe2 33.Re1 Qb5 34.Rxe6 Rc1 35.Re1 Rxe1 36.Nxe1 Qd5+
37.Kf1 a5 38.Ng2 Qd3+ 39.Ke1 Qb1+  0-1

[Event "Leningrad"]
[Site "Leningrad"]
[Date "1987.??.??"]
[Round "?"]
[White "Gurevich, Mikhail"]
[Black "Andersson, Ulf"]
[Result "1-0"]
[WhiteElo "2540"]
[BlackElo "2600"]

1.d4 Nf6 2.c4 e6 3.Nc3 Bb4 4.e3 c5 5.Ne2 d5 6.a3 Bxc3+ 7.Nxc3 cxd4 8.exd4 dxc4
9.Bxc4 Nc6 10.Be3 O-O 11.O-O b6 12.Re1 Bb7 13.Ba2 h6 14.Qf3 Rb8 15.Qh3 Ne7
16.Rad1 Nfd5 17.Bb1 Re8 18.Bc1 Qd7 19.Qg3 Kh8 20.Ne4 Rbd8 21.Qh3 Ng8 22.Ng5 Ndf6
23.Bf4 Re7 24.Be5 Nd5 25.Nf3 Ndf6 26.Rc1 Qe8 27.Ng5 Nd5 28.Ne4 Red7 29.Bc2 f5
30.Ng5 Re7 31.Nf3 Ndf6 32.Nd2 Ng4 33.Nc4 Bd5 34.Nd6 Qf8 35.Bd1 Red7 36.Nb5 a6
37.Nc3 Nxe5 38.Rxe5 Qf7 39.Be2 Bb7 40.Bc4 Rd6 41.Rce1 Bc8 42.Qe3 f4 43.Qe2 Rxd4
44.Bxe6 Bxe6 45.Rxe6 Rd2 46.Qxa6 Rxb2 47.Rxb6 Rc2 48.Ne4 f3 49.Rd6 Rxd6 50.Qxd6 Re2
51.Rxe2 fxe2 52.Qd2 Qa2 53.Qe1 Nf6 54.Nc3 Qxa3 55.Nxe2 Qd3 56.Ng3 Qd5 57.Qe2 Qd4
58.h3 Qd5 59.Qe7 Qd1+ 60.Kh2 Qd5 61.Qe1 Qd6 62.Kg1 Qd5 63.Qb1 Qe5 64.Nf1 Nd5
65.Qb5 Qe6 66.Qb8+ Kh7 67.Qf8 Nf6 68.Ne3 Qe5 69.Qa3 Kh8 70.Qa8+ Kh7 71.Qa3 Kh8
72.Qc1 Qe6 73.Qc3 Kh7 74.Qc5 Qe8 75.f3 Qb8 76.Qf5+ Kh8 77.Nc4 Qa7+ 78.Kh1 Qc7
79.Ne5 Qc1+ 80.Kh2 Qc7 81.Kh1 Qc1+ 82.Kh2 Qc7 83.Qe6 Kh7 84.f4 Qb7 85.Qf5+ Kg8
86.Qe6+ Kh7 87.Nc6 Qc7 88.Qf5+ Kh8 89.Nd4 Kg8 90.Qe6+ Kh7 91.Qe3 Kg8 92.Nf5 Kf7
93.Qd4 Ke6 94.Ne3 Kf7 95.Nc4 Ke6 96.Kg1 Kf7 97.Nd6+ Kg8 98.Qe5 Qc1+ 99.Kh2 Qc7
100.Nf5 Qf7 101.g4 Qa7 102.Kg2 Qb7+ 103.Kg3 Qf7 104.Ne7+ Kf8 105.Nf5 Kg8
106.g5 hxg5 107.fxg5 Nd7 108.Qe4 Qb3+ 109.Kh4 Nf8 110.Ne7+ Kh8 111.Qf4 Nh7
112.Qg4 Qc2 113.Qf3  1-0

[Event "Leningrad"]
[Site "Leningrad"]
[Date "1987.??.??"]
[Round "?"]
[White "Nogueiras, Jesus"]
[Black "Andersson, Ulf"]
[Result "1/2-1/2"]
[WhiteElo "2565"]
[BlackElo "2600"]

1.d4 Nf6 2.c4 e6 3.Nf3 d5 4.Nc3 Be7 5.Bg5 Nbd7 6.Qc2 h6 7.cxd5 exd5 8.Bh4 c6
9.e3 O-O 10.Bd3 Re8 11.Bg3 Nf8 12.O-O Bd6 13.Rab1 Bxg3 14.hxg3 Be6 15.b4 Rc8
16.Rfc1 Re7 17.Na4 Rcc7 18.Nc5 Bc8 19.a4 Ne6 20.Qb2 Nxc5 21.Rxc5 a6 22.b5 cxb5
23.axb5 Rxc5 24.dxc5 axb5 25.Qxb5 Rc7 26.Nd4 Bd7  1/2-1/2

[Event "Leningrad"]
[Site "Leningrad"]
[Date "1987.??.??"]
[Round "?"]
[White "Romanishin, Oleg M"]
[Black "Andersson, Ulf"]
[Result "1/2-1/2"]
[WhiteElo "2570"]
[BlackElo "2600"]

1.d4 Nf6 2.c4 e6 3.Nc3 d5 4.Bg5 Be7 5.e3 Nbd7 6.Rc1 O-O 7.Nf3 h6 8.Bf4 c5
9.Be2 dxc4 10.O-O a6 11.a4 cxd4 12.Qxd4 b6 13.Qxc4 Bb7 14.Rfd1 Rc8 15.Qa2 Bb4
16.Ne5 Qe7 17.Nd3 Bxc3 18.bxc3 Nd5 19.c4 Nxf4 20.Nxf4 a5 21.Qb2 Bc6 22.c5 Nxc5
23.Qxb6 Bxa4 24.Rd4 Nb3 25.Rxc8 Rxc8 26.Rxa4 Rc1+ 27.Bf1 Nd2 28.g3 Rxf1+
29.Kg2 Rb1 30.Qc6 Qb7  1/2-1/2

[Event "Leningrad"]
[Site "Leningrad"]
[Date "1987.??.??"]
[Round "?"]
[White "Vaganian, Rafael A"]
[Black "Andersson, Ulf"]
[Result "1-0"]
[WhiteElo "2590"]
[BlackElo "2600"]

1.Nf3 Nf6 2.c4 e6 3.g3 d5 4.Bg2 Be7 5.O-O O-O 6.d4 dxc4 7.Qc2 a6 8.Qxc4 b5
9.Qc2 Bb7 10.Bd2 Be4 11.Qc1 Bb7 12.Bf4 Nd5 13.Nc3 Nxf4 14.Qxf4 c5 15.dxc5 Bxc5
16.Rfd1 Qb6 17.Ne5 Ra7 18.Rac1 Bxg2 19.Kxg2 Bd6 20.e3 h6 21.Ne4 Bc7 22.Nc5 Bd6
23.Qd4 Bxe5 24.Qxe5 Re8 25.Rd6 Qc7 26.Nb3 Qb7+ 27.Kg1 Rc8 28.Qd4 Rxc1+ 29.Nxc1 Nd7
30.Nd3 Qc7 31.h4 a5 32.a3 Rb7 33.Ra6 Nf6 34.Ra8+ Rb8 35.Qc3 Qd8 36.Rxb8 Qxb8
37.Qxa5 Qb7 38.Qd8+ Kh7 39.Qd4 Qc6 40.Ne5 Qc1+ 41.Kg2  1-0

[Event "Reggio Emilia8788"]
[Site "Reggio Emilia"]
[Date "1987.??.??"]
[Round "?"]
[White "Tukmakov, Vladimir B"]
[Black "Andersson, Ulf"]
[Result "1/2-1/2"]
[WhiteElo "2580"]
[BlackElo "2600"]

1.c4 Nf6 2.Nf3 e6 3.g3 d5 4.Bg2 dxc4 5.Qa4+ Nbd7 6.Qxc4 a6 7.Qb3 Bd6 8.d4 O-O
9.O-O c5 10.Rd1 Qe7 11.Nc3 h6 12.Bf4 Bxf4 13.gxf4 cxd4 14.Nxd4 Re8 15.Rac1 Nc5
16.Qa3 e5 17.fxe5 Qxe5 18.Nd5 Ne6 19.Nxe6 Bxe6 20.Nc7 Qxe2 21.Nxa8 Rxa8 22.Bxb7 Rb8
23.Bxa6 Qe5 24.Rc5 Qe4 25.Qg3 Rxb2 26.Rb5 Rxb5 27.Bxb5 g6 28.a4 Bd5 29.f3 Qe3+
30.Qf2 Qg5+ 31.Qg3 Qe3+ 32.Qf2 Qg5+ 33.Kf1 Qf5 34.Be2 Nh5 35.a5 Nf4 36.a6 Nxe2
37.Rxd5 Qxd5 38.Qxe2 Qc5 39.Qa2 Qb5+ 40.Kf2 Qc5+ 41.Kg2 Qg5+ 42.Kf2 Qc5+
43.Kf1 Qb5+ 44.Qe2 Qc5 45.Qd3 Qc1+ 46.Kf2 Qb2+ 47.Kg3 Qe5+ 48.f4 Qc5 49.Kf3 Qc6+
50.Kg3 Qc5 51.Kg2 Qc6+  1/2-1/2

[Event "Reggio Emilia8788"]
[Site "Reggio Emilia"]
[Date "1987.??.??"]
[Round "?"]
[White "Christiansen, Larry Mark"]
[Black "Andersson, Ulf"]
[Result "1/2-1/2"]
[WhiteElo "2575"]
[BlackElo "2600"]

1.d4 Nf6 2.c4 e6 3.Nc3 Bb4 4.e3 c5 5.Bd3 Nc6 6.Ne2 d5 7.cxd5 Nxd5 8.O-O cxd4
9.exd4 O-O 10.Qc2 g6 11.a3 Be7 12.Rd1 Re8 13.Be4 Bf6 14.Bh6 Nce7 15.Nf4 b6
16.Nfxd5 Nxd5 17.Nxd5 exd5 18.Bd3 Bg4 19.Re1 Qd7 20.Qd2 Bg7 21.Bxg7 Kxg7
22.Rxe8 Rxe8 23.Re1 Rxe1+ 24.Qxe1 f6 25.h3 Be6 26.h4 Bf7 27.g3  1/2-1/2

[Event "Haninge"]
[Site "Haninge"]
[Date "1988.??.??"]
[Round "?"]
[White "Andersson, Ulf"]
[Black "Schussler, Harry"]
[Result "1/2-1/2"]
[WhiteElo "2605"]
[BlackElo "2490"]

1.Nf3 Nf6 2.c4 e6 3.Nc3 d5 4.d4 Be7 5.Bg5 h6 6.Bh4 O-O 7.e3 b6 8.Bd3 Bb7
9.O-O Nbd7 10.Qe2 c5 11.Rfd1 Ne4 12.Bg3 cxd4 13.exd4 Nxg3 14.hxg3 Nf6 15.Rac1 dxc4
16.Bxc4 Bb4 17.Ba6 Bxa6 18.Qxa6 Qc8 19.Qa4 Bxc3 20.Rxc3 Qb7 21.Rdc1 Nd5  1/2-1/2

[Event "Haninge"]
[Site "Haninge"]
[Date "1988.??.??"]
[Round "?"]
[White "Barlov, Dragan"]
[Black "Andersson, Ulf"]
[Result "0-1"]
[WhiteElo "2520"]
[BlackElo "2605"]

1.d4 Nf6 2.Nf3 e6 3.Bg5 c5 4.e3 b6 5.d5 d6 6.Bxf6 Qxf6 7.Nc3 a6 8.Nd2 Qd8
9.a4 Be7 10.Be2 O-O 11.O-O Nd7 12.Nc4 Nf6 13.e4 Rb8 14.dxe6 fxe6 15.e5 dxe5
16.Qxd8 Rxd8 17.Nxe5 Bb7 18.Rfe1 Bd6 19.Bd3 Bc7 20.Bc4 Rd4 21.Bxe6+ Kf8 22.h3 Re8
23.Ng4 Nxg4 24.Bxg4 Be5 25.Re3 Bf6 26.Rxe8+ Kxe8 27.Re1+ Kd8 28.Bf5 h6 29.Be4 Bxe4
30.Nxe4 Rxa4 31.Nxf6 gxf6 32.Re6 b5 33.Rxf6 Ra2 34.Rxh6 Rxb2 35.Rxa6 Rxc2
36.h4 b4 37.h5 b3 38.Rb6 b2 39.h6 Kc7  0-1

[Event "Haninge"]
[Site "Haninge"]
[Date "1988.??.??"]
[Round "?"]
[White "Andersson, Ulf"]
[Black "Agdestein, Simen"]
[Result "1-0"]
[WhiteElo "2605"]
[BlackElo "2560"]

1.Nf3 Nf6 2.c4 g6 3.g3 Bg7 4.Bg2 O-O 5.O-O d5 6.cxd5 Nxd5 7.Nc3 Nc6 8.Nxd5 Qxd5
9.d3 a5 10.Be3 Qb5 11.Rb1 a4 12.Ng5 Nd4 13.Re1 Bd7 14.Ne4 c5 15.Qc1 Rac8
16.Bh6 Rfd8 17.Bxg7 Kxg7 18.b3 axb3 19.e3 Qxd3 20.exd4 bxa2 21.Rb2 cxd4 22.Qa1 Be6
23.Ng5 Bb3 24.Bf1 Qc3 25.Ne4 Qb4 26.Nd2 Rc2 27.Rxc2 Bxc2 28.Qxa2 d3 29.Qa1+ Kg8
30.Qc1 b5 31.Re5 Ra8 32.Qe1 e6 33.h4 Qd4 34.Nf3 Qb2 35.Qd2 Ra1 36.Re1 Ra2
37.Re3 Qb1 38.Kg2 Ra3 39.Re1 Qb2 40.h5 b4 41.h6 Qc3 42.Qf4 Ra8 43.Re5 f5
44.Rxe6 b3 45.Qe3 Kf8 46.Qb6  1-0

[Event "Haninge"]
[Site "Haninge"]
[Date "1988.??.??"]
[Round "?"]
[White "Wedberg, Tom"]
[Black "Andersson, Ulf"]
[Result "1/2-1/2"]
[WhiteElo "2475"]
[BlackElo "2605"]

1.e4 e6 2.d4 d5 3.Nc3 Nf6 4.Bg5 dxe4 5.Nxe4 Be7 6.Bxf6 gxf6 7.Nf3 f5 8.Nc3 Bf6
9.Qd2 c5 10.Bb5+ Bd7 11.dxc5 a6 12.Bxd7+ Nxd7 13.Na4 Qc7 14.O-O-O Nxc5 15.Nxc5 Qxc5
16.Qd7+ Kf8 17.Qd6+ Qxd6 18.Rxd6 Rg8 19.g3 Ke7 20.Rb6 Rab8 21.Re1 Rgd8 22.Ne5 Ke8
23.Re3 Rd5 24.f4 Bd8 25.Rbb3 Bc7 26.Red3 Rxd3 27.Rxd3 Bxe5 28.fxe5 Rc8 29.Rd4 Rc5
30.Rh4 Rxe5 31.Kd2 Rd5+ 32.Ke2 Re5+ 33.Kd2 Rd5+ 34.Ke2 Rb5 35.b3 Re5+ 36.Kd2  1/2-1/2

[Event "Haninge"]
[Site "Haninge"]
[Date "1988.??.??"]
[Round "?"]
[White "Sosonko, Gennadi"]
[Black "Andersson, Ulf"]
[Result "1/2-1/2"]
[WhiteElo "2535"]
[BlackElo "2605"]

1.d4 Nf6 2.c4 e6 3.Nf3 Bb4+ 4.Bd2 Bxd2+ 5.Qxd2 d5 6.g3 Nbd7 7.Bg2 c6 8.b3 O-O
9.O-O Qe7 10.Qb2 b6 11.Nbd2 Bb7 12.cxd5 cxd5 13.Rfc1 Rfc8 14.e3 Ne8 15.Rxc8 Rxc8
16.Rc1  1/2-1/2

[Event "Haninge"]
[Site "Haninge"]
[Date "1988.??.??"]
[Round "?"]
[White "Chandler, Murray G"]
[Black "Andersson, Ulf"]
[Result "0-1"]
[WhiteElo "2590"]
[BlackElo "2605"]

1.e4 e6 2.d4 d5 3.Nc3 Nf6 4.e5 Nfd7 5.f4 c5 6.Nf3 Nc6 7.Be3 a6 8.Qd2 b5 9.dxc5 Bxc5
10.O-O-O Qb6 11.Bxc5 Nxc5 12.Bd3 b4 13.Ne2 a5 14.Ned4 Nxd4 15.Nxd4 O-O 16.Kb1 a4
17.Qe3 Ba6 18.Bxa6 Rxa6 19.f5 Ne4 20.Rd3 a3 21.b3 exf5 22.Rf1 g6 23.Qh6 Qc7
24.Rh3 f6 25.e6 Re8 26.Nb5 Qb7 27.Nd4 Re7 28.Qf4 Qc7 29.Qxc7 Rxc7 30.Re1 Kf8
31.Ka1 Rb6 32.Rd3 Rc5 33.Rc1 Ke7 34.Rh3 h5 35.Rd3 Rb7 36.Re1 Rbc7 37.Kb1 Rc8
38.Rde3 Kd6 39.Rd3 Ke5  0-1

[Event "Haninge"]
[Site "Haninge"]
[Date "1988.??.??"]
[Round "?"]
[White "Pinter, Jozsef"]
[Black "Andersson, Ulf"]
[Result "1/2-1/2"]
[WhiteElo "2570"]
[BlackElo "2605"]

1.d4 Nf6 2.c4 e6 3.Nf3 Bb4+ 4.Bd2 Bxd2+ 5.Qxd2 d5 6.g3 Nbd7 7.Bg2 c6 8.Qc2 O-O
9.O-O b6 10.Nc3 Bb7 11.e4 dxe4 12.Nxe4 c5  1/2-1/2

[Event "Haninge"]
[Site "Haninge"]
[Date "1988.??.??"]
[Round "?"]
[White "Polugaevsky, Lev"]
[Black "Andersson, Ulf"]
[Result "1/2-1/2"]
[WhiteElo "2575"]
[BlackElo "2605"]

1.c4 e6 2.g3 d5 3.Nf3 Nf6 4.Bg2 Be7 5.O-O O-O 6.d4 dxc4 7.Qc2 a6 8.Qxc4 b5
9.Qc2 Bb7 10.Bd2 Be4 11.Qc1 Bb7 12.Bf4 Nd5 13.Nc3 Nxf4 14.Qxf4 c5 15.dxc5 Bxc5
16.Rfd1 Qb6 17.Ne5 Ra7 18.Bxb7 Rxb7 19.Ne4 Be7 20.Rac1 f6 21.Nd3 Nd7 22.Qf3 Kh8
23.b4 Rc7 24.Rxc7 Qxc7 25.Rc1 Qb8 26.Nec5 Nxc5 27.bxc5 Rc8 28.Qe4 e5 29.f4 a5
30.Kg2 Qc7 31.fxe5 fxe5 32.Nxe5 Bf6 33.Nd3 b4 34.Rc4 Kg8 35.Nf4 Qc6 36.Qxc6 Rxc6
37.Kf3 Kf7 38.Ke4 Ke7 39.Kd5 Kd7 40.e4 Bc3 41.Ne2 Bb2 42.e5 Bxe5 43.Nd4 Bxd4
44.Rxd4 Re6 45.Rd2 Re3 46.Kc4+ Kc7 47.Kb5 b3  1/2-1/2

[Event "Madrid rapid"]
[Site "Madrid"]
[Date "1988.??.??"]
[Round "1"]
[White "Andersson, Ulf"]
[Black "Beliavsky, Alexander G"]
[Result "1/2-1/2"]
[WhiteElo "2605"]
[BlackElo "2645"]

1.c4 e6 2.Nf3 d5 3.d4 Nf6 4.Nc3 Be7 5.Bg5 h6 6.Bxf6 Bxf6 7.e3 O-O 8.Rc1 c6
9.Bd3 Nd7 10.O-O dxc4 11.Bxc4 e5 12.h3 exd4 13.exd4 Nb6 14.Bb3 Bf5 15.Re1 Re8
16.Rxe8+ Qxe8 17.Qd2 Qd7 18.Re1 a5 19.a3 Re8 20.Rxe8+ Qxe8 21.Qf4 Be6 22.Bxe6 Qxe6
23.Qc7 Nc4 24.Qxb7 Bxd4 25.Nxd4 Qe1+ 26.Kh2 Qe5+ 27.Kg1 Qe1+ 28.Kh2 Qe5+
29.Kg1 Qe1+  1/2-1/2

[Event "Madrid rapid"]
[Site "Madrid"]
[Date "1988.??.??"]
[Round "2"]
[White "Gurevich, Mikhail"]
[Black "Andersson, Ulf"]
[Result "1/2-1/2"]
[WhiteElo "2625"]
[BlackElo "2605"]

1.d4 d5 2.c4 e6 3.Nc3 Nf6 4.Nf3 Nbd7 5.Bf4 dxc4 6.e3 Nb6 7.Bxc4 Nxc4 8.Qa4+ Bd7
9.Qxc4 Bd6 10.Bg3 Bc6 11.O-O Bxf3 12.gxf3 O-O 13.Nb5 Qd7 14.Rfc1 Rfc8 15.Rc2 a6
16.Nc3 b5 17.Qe2 Bxg3 18.hxg3 c5 19.dxc5 Rxc5 20.Rd1 Qe7 21.Rcd2 h6 22.e4 e5
23.Rd6 Rcc8 24.Qe3 Rd8 25.Qb6 Rxd6 26.Rxd6 Kh7 27.Kg2 Ne8 28.Rc6 Nf6 29.Nd1 Qa7
30.Ne3 Qxb6 31.Rxb6 Kg8 32.Nf5 Nd7 33.Rc6 Nf8 34.Ne7+ Kh7 35.Rc5 Re8 36.Rc7 Rd8
37.Nd5 Rd7 38.Rc6 Ra7 39.Nc7 Ng6 40.Nd5 a5 41.Rc5 b4 42.Rb5 f6 43.b3 Nf8
44.Ne3 Ne6 45.Nc4 a4 46.Rxb4 axb3 47.axb3 Nc5 48.Rb5 Nd3 49.Ra5 Rb7 50.Nd2 Nc1
51.Ra3 Rd7 52.Ra1 Rxd2 53.Rxc1 Rb2 54.Rc3 h5 55.f4 exf4 56.gxf4 Kg6 57.Kg3 h4+
58.Kxh4 Rxf2 59.Kg3 Rb2 60.Kf3 Kf7 61.Ke3 g5 62.fxg5 fxg5 63.Kd4 Ke6 64.Rg3 Kf6
65.Kc4 Rc2+ 66.Kd4 Rb2 67.Rf3+ Ke6 68.Kc4 Rc2+ 69.Kd3 Rb2 70.Kc3 Re2 71.Kd4 Rb2
72.Kc4 Rc2+ 73.Rc3 Rxc3+ 74.Kxc3 Ke5 75.Kd3 g4 76.Ke3 g3 77.b4 g2 78.Kf2 Kxe4
79.b5 Kd5 80.Kxg2 Kc5  1/2-1/2

[Event "Madrid rapid"]
[Site "Madrid"]
[Date "1988.??.??"]
[Round "4"]
[White "Chernin, Alexander"]
[Black "Andersson, Ulf"]
[Result "1-0"]
[WhiteElo "2560"]
[BlackElo "2605"]

1.d4 d5 2.c4 e6 3.Nc3 Nf6 4.Bf4 dxc4 5.Qa4+ Bd7 6.Qxc4 Bd6 7.Bg5 h6 8.Bh4 Nc6
9.Nf3 a6 10.e4 e5 11.d5 Na7 12.Qb3 b5 13.Bd3 Qe7 14.O-O Nc8 15.a4 b4 16.Nd1 g5
17.Bg3 Nh5 18.Ne3 O-O 19.Nc4 Nxg3 20.fxg3 a5 21.Kh1 Nb6 22.Ne3 Bc5 23.Nf5 Bxf5
24.exf5 e4 25.Rae1 e3 26.f6 Qxf6 27.Nh4 Qe5 28.Nf5 Qxd5 29.Qd1 Rae8 30.Nxh6+ Kg7
31.Nf5+ Kg8 32.Qh5  1-0